Statystyki dla Województwa których nazwy zawierają nazwy innych województw

Kliknij tutaj aby rozwiązać quiz!

Ogólne statystyki

  • Ten quiz został rozwiązany 76 razy
  • Średni wynik to 5 z 5

Statystyki odpowiedzi

Odpowiedź% Poprawnych
kujawsko-pomorskie
96%
zachodniopomorskie
96%
dolnośląskie
93%
wielkopolskie
85%
małopolskie
82%

Rozkład punktacji

Percentyl według liczby udzielonych odpowiedzi

Procent ludzi z każdym wynikiem

Twoja historia wyników

Nie rozwiązałeś tego quizu